ARRUPE JESUIT UNIVERSITY

CORONAVIRUS -STOP THE SPREAD - CLEAN,DISINFECT,COVER

Urban problems in sociological perspective / (Record no. 123640)

MARC details
000 -LEADER
fixed length control field 01313mam a2200301 a 4500
001 - CONTROL NUMBER
control field 3246861
005 - DATE AND TIME OF LATEST TRANSACTION
control field 20151028113347.0
008 - FIXED-LENGTH DATA ELEMENTS--GENERAL INFORMATION
fixed length control field 020321s2002 ilua b 001 0 eng
010 ## - LIBRARY OF CONGRESS CONTROL NUMBER
LC control number 2002278370
020 ## - INTERNATIONAL STANDARD BOOK NUMBER
International Standard Book Number 1577661958
035 ## - SYSTEM CONTROL NUMBER
System control number (OCoLC)ocm49522580
040 ## - CATALOGING SOURCE
Original cataloging agency DLC
Transcribing agency DLC
Modifying agency OrLoB-B
043 ## - GEOGRAPHIC AREA CODE
Geographic area code n-us---
050 00 - LIBRARY OF CONGRESS CALL NUMBER
Classification number HT123
Item number .S53 1983
100 1# - MAIN ENTRY--PERSONAL NAME
Personal name Shannon, Thomas R.,
Dates associated with a name 1945-
9 (RLIN) 20622
245 10 - TITLE STATEMENT
Title Urban problems in sociological perspective /
Statement of responsibility, etc Thomas R. Shannon
250 ## - EDITION STATEMENT
Edition statement 4th ed.
260 ## - PUBLICATION, DISTRIBUTION, ETC. (IMPRINT)
Place of publication, distribution, etc New York
Name of publisher, distributor, etc Random house
Date of publication, distribution, etc c2002.
300 ## - PHYSICAL DESCRIPTION
Extent viii, 289 p. :
Other physical details ill. ;
Dimensions 23 cm.
504 ## - BIBLIOGRAPHY, ETC. NOTE
Bibliography, etc Includes bibliographical references (p. 321-347) and index.
505 00 - FORMATTED CONTENTS NOTE
Miscellaneous information 1.
Title Origins of the Urban Crisis --
Miscellaneous information 2.
Title Patterns of Regional and Metropolitan Growth --
Miscellaneous information 3.
Title The Nature of Urban Life: The Myth of the City --
Miscellaneous information 4.
Title Problems of the Disadvantaged --
Miscellaneous information 5.
Title Housing and Urban Decay --
Miscellaneous information 6.
Title Transportation --
Miscellaneous information 7.
Title Urban Political Systems --
Miscellaneous information 8.
Title Urban Government: The Delivery of Services --
Miscellaneous information 9.
Title Urban Problems in Other Societies --
Miscellaneous information 10.
Title Urban Problems in Perspective.
650 #0 - SUBJECT ADDED ENTRY--TOPICAL TERM
Topical term or geographic name as entry element Cities and towns
Geographic subdivision United States.
9 (RLIN) 20623
650 #0 - SUBJECT ADDED ENTRY--TOPICAL TERM
Topical term or geographic name as entry element Social problems
9 (RLIN) 6331
700 1# - ADDED ENTRY--PERSONAL NAME
Personal name Kleniewski, Nancy.
9 (RLIN) 20624
700 1# - ADDED ENTRY--PERSONAL NAME
Personal name Cross, William M.
9 (RLIN) 20625
900 ## - EQUIVALENCE OR CROSS-REFERENCE-PERSONAL NAME [LOCAL, CANADA]
Numeration TOC
942 ## - ADDED ENTRY ELEMENTS (KOHA)
Source of classification or shelving scheme Library of Congress Classification
Item type Monograph ( Printed materials)
Holdings
Withdrawn status Lost status Source of classification or shelving scheme Damaged status Not for loan Collection code Home library Current library Shelving location Date acquired Total Checkouts Full call number Barcode Date last seen Price effective from Koha item type
    Library of Congress Classification     Main Collection ARRUPE LIBRARY ARRUPE LIBRARY Main Collection 28/10/2015   HT123 .S53 1983 46500005282 28/10/2015 28/10/2015 Monograph ( Printed materials)

 

Arrupe Library. PO Box MP320 Mt Pleasant, Harare, Zimbabwe
263 242 745411|librarian@aju.ac.zw